Report on Pit River Basin.

Bibliographic Details
Corporate Author: United States. Bureau of Reclamation
Format: Government Document eBook
Language:English
Published: California : California State Printing Office, 1915.
Subjects:
Online Access:Connect to the full text of this electronic document

MARC

Tag First Indicator Second Indicator Subfields
LEADER 00000cam a22000001a 4500
001 in00003780310
005 20190408183519.0
006 m o d f
007 cr bn mmmapmmp
008 040322s1915 cau o f000 0 eng d
035 |a ebd1910404567 
040 |a UMI  |c UMI  |d UtOrBLW 
086 0 |a I 27.2:P 68 
099 |a I27.2-87 
245 0 0 |a Report on Pit River Basin. 
246 1 |a California cooperative work: Report of Pit River Basin 
264 1 |a California :  |b California State Printing Office,  |c 1915. 
300 |a 1 online resource (140 pages) 
336 |a text  |b txt  |2 rdacontent 
337 |a computer  |b c  |2 rdamedia 
338 |a online resource  |b cr  |2 rdacarrier 
500 |a [on geography, land and water use, and potential water and power development; with data on rainfall and temperature, by city; hydrography for selected rivers and lakes; water quality; irrigable and irrigated lands; and proposed projects]. 
500 |a Record is based on bibliographic data in ProQuest U.S. Executive Branch Documents, 1910-1932. Reuse except for individual research requires license from ProQuest, LLC. 
533 |a Electronic reproduction.  |b [Bethesda, Md.] :  |c ProQuest,  |d 2012.  |e digital, PDF file.  |n ProQuest U.S. Executive Branch Documents, 1910-1932.  |n Mode of access: World Wide Web via ProQuest website. 
538 |a System requirements: PDF reader software. 
500 |a Electronic resource. 
610 1 0 |a United States.  |b Bureau of Reclamation.  |0 http://id.loc.gov/authorities/names/n80126148 
650 0 |a Hydrography.  |0 http://id.loc.gov/authorities/subjects/sh85063443 
650 0 |a Irrigation.  |0 http://id.loc.gov/authorities/subjects/sh85068283 
650 0 |a Water rights.  |0 http://id.loc.gov/authorities/subjects/sh85145633 
651 0 |a California.  |0 http://id.loc.gov/authorities/names/n79041717 
651 0 |a Pit River (Calif.)  |0 http://id.loc.gov/authorities/subjects/sh85102484 
651 0 |a Sacramento River (Calif.)  |0 http://id.loc.gov/authorities/subjects/sh85116251 
655 7 |a Electronic books.  |2 local 
710 1 |a United States.  |b Bureau of Reclamation.  |0 http://id.loc.gov/authorities/names/n80126148 
776 1 8 |i Microfiche version:  |t Report on Pit River Basin  |o CIS US Exec MF I27.2-87  |w (ProQuest)cis19142641 
856 4 0 |u http://proxy.library.tamu.edu/login?url=http://congressional.proquest.com/congressional/docview/t66.d71.i27.2-87  |z Connect to the full text of this electronic document  |t 0 
999 f f |s 6130b3c6-4f7d-3350-bb50-b79191919f33  |i 70b65c93-9186-334e-af70-56ee922d4750  |t 0 
952 f f |a Texas A&M University  |b College Station  |c Electronic Resources  |d Available Online  |t 0  |h No information provided 
998 f f |t 0  |l Available Online